<?xml version="1.0" encoding="UTF-8"?>
<record
    xmlns:xsi="http://www.w3.org/2001/XMLSchema-instance"
    xsi:schemaLocation="http://www.loc.gov/MARC21/slim http://www.loc.gov/standards/marcxml/schema/MARC21slim.xsd"
    xmlns="http://www.loc.gov/MARC21/slim">

  <leader>00415nam a22001697a 4500</leader>
  <controlfield tag="005">20160701160615.0</controlfield>
  <controlfield tag="008">160701b        xxu||||| |||| 00| 0 eng d</controlfield>
  <datafield tag="020" ind1=" " ind2=" ">
    <subfield code="a">978-0-7-014478-1</subfield>
  </datafield>
  <datafield tag="041" ind1=" " ind2=" ">
    <subfield code="a">eng</subfield>
  </datafield>
  <datafield tag="082" ind1=" " ind2=" ">
    <subfield code="b">20758</subfield>
  </datafield>
  <datafield tag="100" ind1=" " ind2=" ">
    <subfield code="a">Ghosh SP &amp; Chakraborty</subfield>
    <subfield code="9">3424</subfield>
  </datafield>
  <datafield tag="245" ind1=" " ind2=" ">
    <subfield code="a">Network Analysis &amp; Synthesis</subfield>
  </datafield>
  <datafield tag="260" ind1=" " ind2=" ">
    <subfield code="b">Mc graw hill</subfield>
    <subfield code="c">2013</subfield>
  </datafield>
  <datafield tag="300" ind1=" " ind2=" ">
    <subfield code="a">959</subfield>
  </datafield>
  <datafield tag="650" ind1=" " ind2=" ">
    <subfield code="a">Diploma Engineering</subfield>
    <subfield code="9">817</subfield>
  </datafield>
  <datafield tag="942" ind1=" " ind2=" ">
    <subfield code="c">BK</subfield>
  </datafield>
  <datafield tag="999" ind1=" " ind2=" ">
    <subfield code="c">5124</subfield>
    <subfield code="d">5122</subfield>
  </datafield>
  <datafield tag="952" ind1=" " ind2=" ">
    <subfield code="0">0</subfield>
    <subfield code="1">0</subfield>
    <subfield code="4">0</subfield>
    <subfield code="7">0</subfield>
    <subfield code="8">REF</subfield>
    <subfield code="a">JRU</subfield>
    <subfield code="b">MAIN</subfield>
    <subfield code="c">SHELF -72 - I</subfield>
    <subfield code="d">2016-07-01</subfield>
    <subfield code="g">650.00</subfield>
    <subfield code="l">0</subfield>
    <subfield code="p">20758</subfield>
    <subfield code="r">2016-07-01 00:00:00</subfield>
    <subfield code="w">2016-07-01</subfield>
    <subfield code="y">BK</subfield>
  </datafield>
  <datafield tag="952" ind1=" " ind2=" ">
    <subfield code="0">0</subfield>
    <subfield code="1">0</subfield>
    <subfield code="4">0</subfield>
    <subfield code="7">0</subfield>
    <subfield code="8">CS/IT</subfield>
    <subfield code="a">JRU</subfield>
    <subfield code="b">JRU</subfield>
    <subfield code="c">SHELF-51-F</subfield>
    <subfield code="d">2016-07-01</subfield>
    <subfield code="g">650.00</subfield>
    <subfield code="l">6</subfield>
    <subfield code="m">1</subfield>
    <subfield code="o">621.3192</subfield>
    <subfield code="p">20759</subfield>
    <subfield code="r">2018-06-27 00:00:00</subfield>
    <subfield code="s">2018-06-12</subfield>
    <subfield code="w">2016-07-01</subfield>
    <subfield code="y">BK</subfield>
  </datafield>
  <datafield tag="952" ind1=" " ind2=" ">
    <subfield code="0">0</subfield>
    <subfield code="1">0</subfield>
    <subfield code="4">0</subfield>
    <subfield code="7">0</subfield>
    <subfield code="8">CS/IT</subfield>
    <subfield code="a">JRU</subfield>
    <subfield code="b">JRU</subfield>
    <subfield code="c">SHELF-51-F</subfield>
    <subfield code="d">2016-07-01</subfield>
    <subfield code="g">650.00</subfield>
    <subfield code="l">5</subfield>
    <subfield code="m">2</subfield>
    <subfield code="o">621.3192</subfield>
    <subfield code="p">20760</subfield>
    <subfield code="r">2018-10-26 00:00:00</subfield>
    <subfield code="s">2018-04-26</subfield>
    <subfield code="w">2016-07-01</subfield>
    <subfield code="y">BK</subfield>
  </datafield>
  <datafield tag="952" ind1=" " ind2=" ">
    <subfield code="0">0</subfield>
    <subfield code="1">0</subfield>
    <subfield code="4">0</subfield>
    <subfield code="7">0</subfield>
    <subfield code="8">CS/IT</subfield>
    <subfield code="a">JRU</subfield>
    <subfield code="b">JRU</subfield>
    <subfield code="c">SHELF-51-F</subfield>
    <subfield code="d">2016-07-01</subfield>
    <subfield code="g">650.00</subfield>
    <subfield code="l">9</subfield>
    <subfield code="m">7</subfield>
    <subfield code="o">621.3192</subfield>
    <subfield code="p">20761</subfield>
    <subfield code="r">2018-10-22 00:00:00</subfield>
    <subfield code="s">2018-09-18</subfield>
    <subfield code="w">2016-07-01</subfield>
    <subfield code="y">BK</subfield>
  </datafield>
  <datafield tag="952" ind1=" " ind2=" ">
    <subfield code="0">0</subfield>
    <subfield code="1">0</subfield>
    <subfield code="4">0</subfield>
    <subfield code="7">0</subfield>
    <subfield code="8">CS/IT</subfield>
    <subfield code="a">JRU</subfield>
    <subfield code="b">JRU</subfield>
    <subfield code="c">SHELF-51-F</subfield>
    <subfield code="d">2016-07-01</subfield>
    <subfield code="g">650.00</subfield>
    <subfield code="l">10</subfield>
    <subfield code="m">2</subfield>
    <subfield code="o">621.3192</subfield>
    <subfield code="p">20762</subfield>
    <subfield code="r">2019-06-08 00:00:00</subfield>
    <subfield code="s">2019-06-06</subfield>
    <subfield code="w">2016-07-01</subfield>
    <subfield code="y">BK</subfield>
  </datafield>
</record>
